| 000 | 00722nam a2200253Ia 4500 | ||
|---|---|---|---|
| 001 | Para_5466 | ||
| 003 | CHAP | ||
| 008 | 220125s1947 xx 000 0 und d | ||
| 010 | _a203807 | ||
| 040 | _cCHAP | ||
| 082 | _aPA 632.951 M2 | ||
| 100 |
_aMcIndoo, N. E. _973599 |
||
| 245 |
_aA review of the insecticida / _cUses of the rotenone-bearing plants, 1938-194 / _c N. E. McIndoo |
||
| 260 |
_aWashington : _b Department of Agriculture |
||
| 300 | _a201 p. | ||
| 650 |
_aInsecticidas Entomología económica _9169723 |
||
| 901 | _aPA 632.951 M2 | ||
| 902 | _aA | ||
| 905 | _a0000001947 WAS 0000000000 00 | ||
| 910 | _a1947 | ||
| 942 | _cPARA | ||
| 942 |
_cPARA _d1 |
||
| 999 |
_c203807 _d203807 |
||